[Event "Czech Open Rapid 2019"]
[Site "Pardubice"]
[Date "2019.07.17"]
[Round "1.1"]
[White "Movsesian, Sergei"]
[Black "Karsay, Pascal"]
[Result "1-0"]
[WhiteElo "2649"]
[BlackElo "2304"]
[Annotator "TA"]
[PlyCount "81"]
[EventDate "2019.07.17"]
[EventType "swiss"]
[EventCountry "CZE"]
[SourceTitle "playchess.com"]
[Source "ChessBase"]
[SourceQuality "1"]

1. e4 e5 2. Nf3 Nc6 3. Bb5 a6 4. Ba4 Nf6 5. O-O Be7 6. d3 b5 7. Bb3 d6 8. a3 O-O 9. Nc3 Bg4 10. Be3 Nd4 11. Bxd4 exd4 12. Nd5 c6 13. Nxe7+ Qxe7 14. h3 Bxf3 15. Qxf3 Nd7 16. Ba2 Nb6 17. c3 Qe5 18. Rac1 Rac8 19. Qe2 Na4 20. Qc2 Qc5 21. Bb3 Nb6 22. Kh1 a5 23. f4 a4 24. Ba2 dxc3 25. bxc3 Qxa3 26. f5 d5 27. f6 g6 28. Qf2 Rfe8 29. Ra1 Nd7 30. Bxd5 Qxc3 31. Rac1 Qa3 32. Bxc6 Re6 33. Ra1 Qd6 34. Bxb5 Rxf6 35. Qa7 Nc5 36. Bc4 Rc7 37. Qb8+ Kg7 38. Qb2 Re7 39. Rf3 Qe5 40. d4 Qxe4 41. dxc5 1-0

[Event "Czech Open Rapid 2019"]
[Site "Pardubice"]
[Date "2019.07.17"]
[Round "1.1"]
[White "Mirzoev, Emil"]
[Black "Ibrahim, Emad Eldin"]
[Result "1-0"]
[WhiteElo "2493"]
[BlackElo "2042"]
[Annotator "ChessBase"]
[PlyCount "51"]
[EventDate "2019.07.17"]
[EventType "swiss"]
[EventCountry "CZE"]
[SourceTitle "playchess.com"]
[Source "ChessBase"]
[SourceQuality "1"]

1. d4 Nf6 2. Bg5 c5 3. d5 b5 4. Bxf6 gxf6 5. e3 Qb6 6. Ne2 Bg7 7. c3 d6 8. Ng3 b4 9. Nh5 Bh6 10. c4 Rg8 11. g3 Bg4 12. Be2 Bxe2 13. Qxe2 Nd7 14. Nd2 a5 15. a3 a4 16. O-O Ne5 17. f4 Nd7 18. Qd3 Nf8 19. b3 Rg6 20. axb4 Qxb4 21. bxa4 Rxa4 22. Rab1 Qa3 23. Rb8+ Kd7 24. Rfb1 Ne6 25. dxe6+ fxe6 26. R1b7+ 1-0

[Event "Czech Open Rapid 2019"]
[Site "Pardubice"]
[Date "2019.07.17"]
[Round "1.2"]
[White "Mosesov, Danylo"]
[Black "Potapov, Pavel"]
[Result "0-1"]
[WhiteElo "2353"]
[BlackElo "2485"]
[Annotator "ChessBase"]
[PlyCount "90"]
[EventDate "2019.07.17"]
[EventType "swiss"]
[EventCountry "CZE"]
[SourceTitle "playchess.com"]
[Source "ChessBase"]
[SourceQuality "1"]

1. d4 f5 2. g3 Nf6 3. Bg2 g6 4. c4 Bg7 5. Nc3 O-O 6. Nf3 d6 7. O-O c6 8. Qc2 Qc7 9. Bf4 Nh5 10. Bd2 e5 11. dxe5 dxe5 12. e4 f4 13. c5 Na6 14. b4 Bg4 15. Ne2 Rae8 16. h3 Bc8 17. Bc3 Kh8 18. Qb2 fxg3 19. fxg3 Qe7 20. Rad1 Kg8 21. Kh2 Nc7 22. a4 g5 23. Nd2 g4 24. h4 Rd8 25. Rxf8+ Kxf8 26. Rf1+ Kg8 27. Nc4 Nxg3 28. Nxg3 Qxh4+ 29. Kg1 Qxg3 30. Bxe5 Bxe5 31. Qxe5 Qxe5 32. Nxe5 Be6 33. Rf4 h5 34. Bf1 Rd4 35. b5 Rxa4 36. bxc6 bxc6 37. Nxc6 Kg7 38. Ne5 a5 39. c6 Ra1 40. Rf2 a4 41. Rb2 Kf6 42. Nd7+ Ke7 43. Kf2 a3 44. Rb7 a2 45. Ra7 Rc1 0-1

[Event "Czech Open Rapid 2019"]
[Site "Pardubice"]
[Date "2019.07.17"]
[Round "1.2"]
[White "Dobes, Vojtech"]
[Black "Bagi, Mate"]
[Result "0-1"]
[WhiteElo "2212"]
[BlackElo "2459"]
[Annotator "ChessBase"]
[PlyCount "62"]
[EventDate "2019.07.17"]
[EventType "swiss"]
[EventCountry "CZE"]
[SourceTitle "playchess.com"]
[Source "ChessBase"]
[SourceQuality "1"]

1. e4 e5 2. Nf3 Nc6 3. Bb5 a6 4. Ba4 Nf6 5. O-O Be7 6. Re1 b5 7. Bb3 d6 8. c3 O-O 9. h3 Na5 10. Bc2 c5 11. d4 Nd7 12. Nbd2 exd4 13. cxd4 Nc6 14. d5 Nce5 15. Nh2 Ng6 16. Ndf1 Bg5 17. a4 Rb8 18. Ng3 Nde5 19. axb5 axb5 20. Ne2 Bxc1 21. Qxc1 c4 22. Qe3 Qf6 23. f4 Nd3 24. Bxd3 cxd3 25. Qxd3 Nxf4 26. Nxf4 Qxf4 27. b4 f5 28. Nf3 fxe4 29. Rxe4 Qg3 30. Ne1 Qf2+ 31. Kh2 Bf5 0-1

[Event "Czech Open Rapid 2019"]
[Site "Pardubice"]
[Date "2019.07.17"]
[Round "1.3"]
[White "Vorobiov, Evgeny E."]
[Black "Zhuravlev, Stepan"]
[Result "1-0"]
[WhiteElo "2578"]
[BlackElo "2182"]
[Annotator "ChessBase"]
[PlyCount "67"]
[EventDate "2019.07.17"]
[EventType "swiss"]
[EventCountry "CZE"]
[SourceTitle "playchess.com"]
[Source "ChessBase"]
[SourceQuality "1"]

1. d4 d5 2. c4 e6 3. Nf3 Nf6 4. g3 Bb4+ 5. Bd2 Bd6 6. Nc3 c6 7. Qc2 O-O 8. e4 dxe4 9. Nxe4 Nxe4 10. Qxe4 c5 11. Bc3 cxd4 12. Nxd4 f5 13. Qe3 f4 14. Qe4 Na6 15. O-O-O Nc5 16. Qc2 Qe7 17. b4 Na6 18. c5 Bc7 19. Bc4 Kh8 20. Rhe1 e5 21. Nb5 Bf5 22. Qe2 fxg3 23. hxg3 Qg5+ 24. Qe3 Qxe3+ 25. Rxe3 Bg4 26. Rd2 Rad8 27. Nxc7 Rxd2 28. Bxd2 Nxc7 29. Rxe5 Re8 30. Bf4 Rxe5 31. Bxe5 Na6 32. c6 Bf3 33. c7 Bg4 34. Bd6 1-0

[Event "Czech Open Rapid 2019"]
[Site "Pardubice"]
[Date "2019.07.17"]
[Round "1.3"]
[White "Gagare, Shardul"]
[Black "Karalkin, Maksim"]
[Result "1-0"]
[WhiteElo "2476"]
[BlackElo "2137"]
[Annotator "ChessBase"]
[PlyCount "73"]
[EventDate "2019.07.17"]
[EventType "swiss"]
[EventCountry "CZE"]
[SourceTitle "playchess.com"]
[Source "ChessBase"]
[SourceQuality "1"]

1. Nf3 d5 2. c4 e6 3. d4 Nd7 4. g3 dxc4 5. Bg2 Rb8 6. O-O b5 7. a4 a6 8. Nc3 Bb4 9. axb5 axb5 10. Bg5 Ngf6 11. Ne5 Nxe5 12. dxe5 Qxd1 13. Rfxd1 Bxc3 14. bxc3 Nd5 15. Bxd5 exd5 16. Rxd5 Be6 17. Rc5 Kd7 18. Rd1+ Kc8 19. Rb1 Kd7 20. Rcxb5 Rxb5 21. Rxb5 Ra8 22. Rb2 Bh3 23. f3 Ra1+ 24. Kf2 Rh1 25. g4 Rxh2+ 26. Kg3 Rh1 27. Rd2+ Ke6 28. Bd8 h5 29. gxh5 Kxe5 30. Bxc7+ Ke6 31. Rd4 Bf5 32. e4 Bh7 33. f4 Rxh5 34. f5+ Kf6 35. Kg4 Rg5+ 36. Kf4 Rg1 37. Bd8# 1-0

[Event "Czech Open Rapid 2019"]
[Site "Pardubice"]
[Date "2019.07.17"]
[Round "1.4"]
[White "Freisler, Pavel"]
[Black "Geller, Jakov"]
[Result "0-1"]
[WhiteElo "2261"]
[BlackElo "2525"]
[Annotator "ChessBase"]
[PlyCount "68"]
[EventDate "2019.07.17"]
[EventType "swiss"]
[EventCountry "CZE"]
[SourceTitle "playchess.com"]
[Source "ChessBase"]
[SourceQuality "1"]

1. Nf3 d5 2. c4 e6 3. g3 Nf6 4. Bg2 Be7 5. d4 O-O 6. O-O c6 7. Qc2 b6 8. Nbd2 Bb7 9. e4 Na6 10. a3 c5 11. exd5 exd5 12. dxc5 Nxc5 13. b4 Ne6 14. Bb2 Rc8 15. Qb3 dxc4 16. Nxc4 Bd5 17. Nfe5 b5 18. Bxd5 Qxd5 19. Na5 Qxb3 20. Nxb3 Rc2 21. Rab1 Ne4 22. f3 Nc3 23. Bxc3 Rxc3 24. Rfc1 Rfc8 25. f4 f6 26. Nd3 R8c4 27. Rxc3 Rxc3 28. Nf2 Bd8 29. Ne4 Bb6+ 30. Kg2 Rc2+ 31. Kh3 h5 32. Rc1 Ra2 33. Nbc5 Nd4 34. Rc3 Ne2 0-1

[Event "Czech Open Rapid 2019"]
[Site "Pardubice"]
[Date "2019.07.17"]
[Round "1.4"]
[White "Tarakanov, Oleg"]
[Black "Dvoirys, Semen I."]
[Result "1/2-1/2"]
[WhiteElo "2118"]
[BlackElo "2505"]
[Annotator "ChessBase"]
[PlyCount "46"]
[EventDate "2019.07.17"]
[EventType "swiss"]
[EventCountry "CZE"]
[SourceTitle "playchess.com"]
[Source "ChessBase"]
[SourceQuality "1"]

1. e4 c5 2. Nf3 Nc6 3. Bb5 g6 4. O-O Bg7 5. Re1 Nf6 6. c3 a6 7. Bf1 d6 8. h3 e5 9. d4 O-O 10. d5 Ne7 11. a4 Ne8 12. Nbd2 f5 13. Bc4 b6 14. Qe2 Bf6 15. Bb3 Kh8 16. Nc4 fxe4 17. Qxe4 Bb7 18. Ne3 Bg7 19. Ng5 Nc7 20. c4 Rf4 21. Qxf4 exf4 22. Nf7+ Kg8 23. Nxd8 Rxd8 1/2-1/2

[Event "Czech Open Rapid 2019"]
[Site "Pardubice"]
[Date "2019.07.17"]
[Round "1.5"]
[White "Plat, Vojtech"]
[Black "Slovak, Kilian"]
[Result "1-0"]
[WhiteElo "2548"]
[BlackElo "2242"]
[Annotator "ChessBase"]
[PlyCount "121"]
[EventDate "2019.07.17"]
[EventType "swiss"]
[EventCountry "CZE"]
[SourceTitle "playchess.com"]
[Source "ChessBase"]
[SourceQuality "1"]

1. e4 c5 2. Nf3 d6 3. c3 Nf6 4. Bc4 Nc6 5. Qe2 e6 6. Bb3 Be7 7. d4 d5 8. exd5 Nxd5 9. dxc5 Bxc5 10. O-O O-O 11. Nbd2 b6 12. Ne4 Be7 13. Rd1 Qc7 14. Bc2 h6 15. Ng3 Nf6 16. Qc4 Bb7 17. Bf4 Qc8 18. Ne4 Nd5 19. Nd6 Bxd6 20. Bxd6 Rd8 21. Ba3 Na5 22. Qe4 Nf6 23. Qe2 Qc7 24. Qe5 Qxe5 25. Nxe5 Rd5 26. Rxd5 Bxd5 27. f3 Nc4 28. Nxc4 Bxc4 29. b3 Bd5 30. c4 Bc6 31. Rd1 Ne8 32. Kf2 Rc8 33. Bd3 g6 34. Be2 Kg7 35. h4 h5 36. Ke3 f6 37. g4 Kf7 38. b4 a6 39. Bb2 b5 40. cxb5 axb5 41. gxh5 gxh5 42. f4 Ng7 43. Rc1 Nf5+ 44. Kf2 Nxh4 45. Bxb5 Bb7 46. Rxc8 Bxc8 47. Be2 Nf5 48. Bxh5+ Ke7 49. Be2 Nd6 50. a4 Bd7 51. b5 f5 52. Ba3 Bc8 53. Ke3 Kd7 54. Bxd6 Kxd6 55. Kd4 Bb7 56. a5 Be4 57. Bc4 Bf3 58. a6 Bg2 59. a7 Bf3 60. b6 Bg2 61. Ba6 1-0

[Event "Czech Open Rapid 2019"]
[Site "Pardubice"]
[Date "2019.07.17"]
[Round "1.5"]
[White "Novik, Maxim"]
[Black "Valenta, Vit"]
[Result "1/2-1/2"]
[WhiteElo "2450"]
[BlackElo "2147"]
[Annotator "ChessBase"]
[PlyCount "118"]
[EventDate "2019.07.17"]
[EventType "swiss"]
[EventCountry "CZE"]
[SourceTitle "playchess.com"]
[Source "ChessBase"]
[SourceQuality "1"]

1. d4 Nf6 2. Bg5 g6 3. Bxf6 exf6 4. e3 f5 5. c4 Bg7 6. Nc3 O-O 7. g3 d6 8. Bg2 Nd7 9. Nge2 Nb6 10. Qd3 c6 11. O-O Be6 12. b3 Rb8 13. Nf4 Bd7 14. Rab1 a6 15. Rfd1 Qe7 16. b4 Rfd8 17. h4 Be8 18. a4 Nd7 19. b5 axb5 20. cxb5 d5 21. Rb3 Qd6 22. Rdb1 Nf6 23. a5 Ne4 24. a6 cxb5 25. a7 Ra8 26. Nxb5 Bxb5 27. Rxb5 Qa6 28. Rxb7 Rxa7 29. Qxa6 Rxa6 30. Rc7 Bf6 31. Bxe4 dxe4 32. Rbb7 Rf8 33. Nd5 Bd8 34. Rd7 Ra8 35. Kg2 h5 36. Nf4 Bf6 37. Nd5 Bd8 38. Nb4 Rc8 39. d5 Bf6 40. Nc6 Kg7 41. Ra7 Bc3 42. Rdc7 Rxc7 43. Rxc7 Kf6 44. d6 Be5 45. Rd7 Ke6 46. Rd8 Rxd8 47. Nxd8+ Kxd6 48. Nxf7+ Ke6 49. Ng5+ Ke7 50. Kf1 Bg7 51. Ke2 Bh6 52. Nh3 Kd6 53. Kd2 Kd5 54. Kc3 Kc5 55. Nf4 Bxf4 56. gxf4 Kd5 57. Kb4 Kd6 58. Kc4 Kc6 59. Kd4 Kd6 1/2-1/2

[Event "Czech Open Rapid 2019"]
[Site "Pardubice"]
[Date "2019.07.17"]
[Round "1.6"]
[White "Soural, Jan"]
[Black "Petr, Martin"]
[Result "0-1"]
[WhiteElo "2196"]
[BlackElo "2459"]
[Annotator "ChessBase"]
[PlyCount "86"]
[EventDate "2019.07.17"]
[EventType "swiss"]
[EventCountry "CZE"]
[SourceTitle "playchess.com"]
[Source "ChessBase"]
[SourceQuality "1"]

1. d4 Nf6 2. c4 g6 3. Nc3 d5 4. cxd5 Nxd5 5. e4 Nxc3 6. bxc3 Bg7 7. Qa4+ Nd7 8. Nf3 O-O 9. Bg5 b6 10. Bb5 a6 11. Bc6 Ra7 12. Qa3 f6 13. Bd5+ Kh8 14. Be3 Nb8 15. O-O Qd6 16. Qc1 Bg4 17. Bh6 Bxf3 18. gxf3 Nd7 19. Kh1 c5 20. Rg1 e6 21. Bf4 Qe7 22. Bb3 b5 23. Rd1 e5 24. Be3 Rc7 25. d5 Qd6 26. c4 f5 27. a4 b4 28. Bc2 f4 29. Bd2 Bf6 30. Rg1 Bh4 31. Qf1 Nf6 32. Qh3 g5 33. Rad1 Rb7 34. Bb3 Rg8 35. Rg2 Qd7 36. Qxd7 Rxd7 37. Bc1 g4 38. Bb2 gxf3 39. Rxg8+ Kxg8 40. Bxe5 Nxe4 41. Kg1 Nxf2 42. Rf1 Nd3 43. Bb8 Rg7+ 0-1

[Event "Czech Open Rapid 2019"]
[Site "Pardubice"]
[Date "2019.07.17"]
[Round "1.6"]
[White "Chovanec, Vladimir"]
[Black "Bogdanov, Egor"]
[Result "1/2-1/2"]
[WhiteElo "2047"]
[BlackElo "2407"]
[Annotator "NA"]
[PlyCount "107"]
[EventDate "2019.07.17"]
[EventType "swiss"]
[EventCountry "CZE"]
[SourceTitle "playchess.com"]
[Source "ChessBase"]
[SourceQuality "1"]

1. e4 c5 2. Nc3 Nc6 3. f4 g6 4. Nf3 Bg7 5. Bb5 Nd4 6. O-O Nxb5 7. Nxb5 d6 8. d3 Nf6 9. Qe1 O-O 10. Qh4 c4 11. Nc3 cxd3 12. cxd3 Qb6+ 13. Kh1 Bg4 14. e5 Bxf3 15. Rxf3 dxe5 16. fxe5 Nd7 17. Nd5 Qa5 18. Nxe7+ Kh8 19. d4 Rae8 20. Bg5 Qa6 21. Rh3 h5 22. g4 Rxe7 23. Bxe7 Qc6+ 24. Kg1 Rg8 25. gxh5 g5 26. Qg4 Bh6 27. Rf1 Re8 28. Rxf7 Rxe7 29. Rxe7 Qc1+ 30. Kf2 Qxb2+ 31. Qe2 Qxd4+ 32. Re3 g4 33. Re8+ Kg7 34. Re7+ Kf8 35. Rxd7 Bxe3+ 36. Qxe3 Qxd7 37. Qh6+ Kg8 38. Qg6+ Kh8 39. Qf6+ Kh7 40. Qg6+ Kh8 41. h6 Qd2+ 42. Kg3 Qe3+ 43. Kxg4 Qxe5 44. Qg7+ Qxg7+ 45. hxg7+ Kxg7 46. Kf5 Kf7 47. Ke5 Ke7 48. Kd5 Kd7 49. Kc5 Ke6 50. h3 Ke5 51. h4 Ke6 52. h5 Ke5 53. h6 Kf6 54. Kd6 1/2-1/2

[Event "Czech Open Rapid 2019"]
[Site "Pardubice"]
[Date "2019.07.17"]
[Round "1.7"]
[White "Stocek, Jiri"]
[Black "Blandon, Luis Guillermo"]
[Result "1-0"]
[WhiteElo "2556"]
[BlackElo "2239"]
[Annotator "ChessBase"]
[PlyCount "117"]
[EventDate "2019.07.17"]
[EventType "swiss"]
[EventCountry "CZE"]
[SourceTitle "playchess.com"]
[Source "ChessBase"]
[SourceQuality "1"]

1. c4 Nf6 2. Nc3 g6 3. d4 Bg7 4. e4 d6 5. h3 O-O 6. Bd3 e5 7. d5 a5 8. Bg5 Na6 9. Qd2 Nc5 10. Bc2 Bd7 11. Nge2 c6 12. dxc6 Bxc6 13. f3 Qb6 14. Rb1 Rfd8 15. Be3 a4 16. O-O Qb4 17. Bd3 Nfd7 18. Rfd1 Ne6 19. a3 Qa5 20. Nc1 Ndc5 21. Bf1 f5 22. exf5 gxf5 23. N1a2 Nb3 24. Qf2 Nbd4 25. Nb4 Kh8 26. Ne2 Nxe2+ 27. Bxe2 Nc5 28. Bg5 Rd7 29. Nd5 Rf8 30. Qh4 Ne6 31. Nf6 Nxg5 32. Nxd7 Bxd7 33. Qxg5 f4 34. Bd3 Qc5+ 35. Kh1 Bf6 36. Qh5 e4 37. Qxc5 dxc5 38. Bxe4 Bd4 39. Bxb7 Rb8 40. Be4 Be6 41. Bc2 Bxc4 42. Bxa4 Ba2 43. Rbc1 Bxb2 44. Rxc5 Bxa3 45. Rf5 Rb4 46. Bc2 Be6 47. Ra5 Bb2 48. Ra7 Bg8 49. Rb1 Bc3 50. Rxb4 Bxb4 51. Rb7 Be1 52. Kg1 Bd2 53. Kf2 Be3+ 54. Ke2 Bc4+ 55. Bd3 Bg8 56. g3 h5 57. gxf4 Bxf4 58. Rb5 Bf7 59. Rf5 1-0

[Event "Czech Open Rapid 2019"]
[Site "Pardubice"]
[Date "2019.07.17"]
[Round "1.7"]
[White "Cerveny, Martin"]
[Black "Odler, Daniel"]
[Result "1-0"]
[WhiteElo "2351"]
[BlackElo "2047"]
[Annotator "NA"]
[PlyCount "86"]
[EventDate "2019.07.17"]
[EventType "swiss"]
[EventCountry "CZE"]
[SourceTitle "playchess.com"]
[Source "ChessBase"]
[SourceQuality "1"]

1. d4 d5 2. c4 c6 3. Nf3 Nf6 4. e3 Bf5 5. cxd5 cxd5 6. Qb3 Nc6 7. Qxb7 Bd7 8. Qb3 Rb8 9. Qd1 Bf5 10. a3 e6 11. Be2 Bd6 12. O-O O-O 13. Nc3 Ne4 14. Qa4 Nxc3 15. bxc3 Na5 16. Nd2 e5 17. c4 dxc4 18. Bxc4 exd4 19. Ba2 Bd3 20. Re1 dxe3 21. Nf3 exf2+ 22. Kxf2 Bc5+ 23. Kg3 Bb5 24. Qc2 Bb6 25. Bf4 Rc8 26. Qb2 Qd3 27. Bb1 Qc4 28. Re5 Nb3 29. Ba2 Ba4 30. Rb1 Bc7 31. Bxb3 Bxb3 32. Qxb3 Qxb3 33. Rxb3 Bxe5 34. Bxe5 Rfe8 35. Rb7 a6 36. h4 f6 37. Bd6 Re6 38. Bb4 Rd8 39. Kf4 Rd5 40. g4 h6 41. h5 Re2 42. Rb8+ Kh7 43. Nh4 Rde5 1-0

[Event "Czech Open Rapid 2019"]
[Site "Pardubice"]
[Date "2019.07.17"]
[Round "1.8"]
[White "Hrabinska, Myroslava"]
[Black "Zilka, Stepan"]
[Result "0-1"]
[WhiteElo "2243"]
[BlackElo "2534"]
[Annotator "ChessBase"]
[PlyCount "50"]
[EventDate "2019.07.17"]
[EventType "swiss"]
[EventCountry "CZE"]
[SourceTitle "playchess.com"]
[Source "ChessBase"]
[SourceQuality "1"]

1. e4 c6 2. d4 d5 3. e5 Bf5 4. Nf3 e6 5. Be2 h6 6. O-O Nd7 7. Nbd2 Ne7 8. b3 Bh7 9. c4 Nf5 10. Bb2 g5 11. h3 h5 12. Nh2 g4 13. hxg4 hxg4 14. Bxg4 Bg6 15. Ndf3 Nh4 16. g3 Nxf3+ 17. Bxf3 Bf5 18. Ng4 Qg5 19. Kg2 O-O-O 20. cxd5 exd5 21. Qc1 Qg6 22. Qf4 Be7 23. e6 Bxe6 24. Rh1 Bg5 25. Qd6 Bxg4 0-1

[Event "Czech Open Rapid 2019"]
[Site "Pardubice"]
[Date "2019.07.17"]
[Round "1.8"]
[White "Lymar, Vladislav"]
[Black "Blatny, Pavel"]
[Result "0-1"]
[WhiteElo "2024"]
[BlackElo "2321"]
[Annotator "NA"]
[PlyCount "118"]
[EventDate "2019.07.17"]
[EventType "swiss"]
[EventCountry "CZE"]
[SourceTitle "playchess.com"]
[Source "ChessBase"]
[SourceQuality "1"]

1. e4 e6 2. d4 b6 3. g3 Bb7 4. Bg2 g6 5. Ne2 Bg7 6. O-O Ne7 7. Be3 d6 8. f4 Nd7 9. Nbc3 a6 10. Qd2 b5 11. a3 f5 12. Rfe1 O-O 13. exf5 Bxg2 14. fxe6 Bb7 15. exd7 Qxd7 16. d5 Rae8 17. Bd4 Bh6 18. Bf2 Qh3 19. Rad1 Rf5 20. Qe3 Re5 21. Qf3 Rh5 22. Qg2 Qxg2+ 23. Kxg2 Nxd5 24. Nxd5 Bxd5+ 25. Kg1 Bb7 26. Nd4 Kf7 27. Rxe8 Kxe8 28. Ne6 Ke7 29. Re1 Kd7 30. Bd4 Rd5 31. Kf2 c5 32. Bc3 Rf5 33. g4 Rf7 34. g5 Bd5 35. gxh6 Bxe6 36. Kg3 Bf5 37. Re2 Kc6 38. Bg7 a5 39. Re8 Bxc2 40. Rh8 d5 41. Rxh7 g5 42. f5 Bxf5 43. Rh8 d4 44. Rd8 d3 45. Kf2 Re7 46. Kf3 Re2 47. Bf6 Be4+ 48. Kg3 Rg2+ 49. Kh3 c4 50. Bc3 b4 51. axb4 axb4 52. Be5 d2 53. Bg3 c3 54. bxc3 bxc3 55. h7 g4+ 56. Kh4 Bxh7 57. Bf4 Kb5 58. Kg5 Kc4 59. Kh6 Bd3 0-1

[Event "Czech Open Rapid 2019"]
[Site "Pardubice"]
[Date "2019.07.17"]
[Round "1.9"]
[White "Simacek, Pavel"]
[Black "Iro, Christian"]
[Result "1-0"]
[WhiteElo "2490"]
[BlackElo "2077"]
[Annotator "ChessBase"]
[PlyCount "111"]
[EventDate "2019.07.17"]
[EventType "swiss"]
[EventCountry "CZE"]
[SourceTitle "playchess.com"]
[Source "ChessBase"]
[SourceQuality "1"]

1. e4 c6 2. d4 d5 3. Nd2 dxe4 4. Nxe4 Bf5 5. Ng3 Bg6 6. h4 h6 7. Nh3 Nf6 8. Nf4 Bh7 9. Bc4 e6 10. O-O Bd6 11. Re1 Bxf4 12. Bxf4 O-O 13. c3 Nd5 14. Qg4 Nxf4 15. Qxf4 Nd7 16. Nh5 Bg6 17. Qg4 Nf6 18. Nxf6+ Qxf6 19. Re5 Bf5 20. Qf4 Bg6 21. Qg3 Bf5 22. Rae1 Qg6 23. Qf4 Qg4 24. Qxg4 Bxg4 25. Bd3 g6 26. Bc4 b5 27. Bf1 Bf5 28. f3 h5 29. Kf2 Rfd8 30. Rc5 Rac8 31. Kg3 Kf8 32. Kf4 Rd5 33. Re5 Rxe5 34. Kxe5 Ke7 35. Bxb5 f6+ 36. Kf4 g5+ 37. Ke3 gxh4 38. Rxc6 Rb8 39. a4 Rg8 40. Rc7+ Kd8 41. Rd7+ Kc8 42. Kf2 h3 43. gxh3 Bxh3 44. Rxa7 Rg2+ 45. Ke3 Bf5 46. Be2 h4 47. Ra8+ Kc7 48. Rh8 h3 49. b4 Rg1 50. Bd3 Bxd3 51. Kxd3 Rh1 52. a5 h2 53. Kc4 e5 54. dxe5 fxe5 55. Rh7+ Kb8 56. b5 1-0

[Event "Czech Open Rapid 2019"]
[Site "Pardubice"]
[Date "2019.07.17"]
[Round "1.9"]
[White "Nagy, Gabor"]
[Black "Polak, Benedikt"]
[Result "1-0"]
[WhiteElo "2474"]
[BlackElo "2170"]
[Annotator "ChessBase"]
[PlyCount "59"]
[EventDate "2019.07.17"]
[EventType "swiss"]
[EventCountry "CZE"]
[SourceTitle "playchess.com"]
[Source "ChessBase"]
[SourceQuality "1"]

1. d4 Nf6 2. Nf3 b6 3. g3 Bb7 4. Bg2 g6 5. c4 Bg7 6. O-O O-O 7. d5 e6 8. Nc3 d6 9. e4 a5 10. dxe6 fxe6 11. Nd4 Qe7 12. Bg5 e5 13. Ndb5 Na6 14. Nd5 Bxd5 15. cxd5 Qd7 16. Qe2 Nc5 17. f3 a4 18. Rab1 h5 19. h4 Kh7 20. Kh2 Bh6 21. Bh3 Qg7 22. Bxh6 Kxh6 23. b4 axb3 24. axb3 Kh7 25. b4 Na4 26. Rfc1 Rf7 27. Be6 Re7 28. Qd2 Ne8 29. Ra1 c5 30. Qc2 1-0

[Event "Czech Open Rapid 2019"]
[Site "Pardubice"]
[Date "2019.07.17"]
[Round "1.10"]
[White "Nikologorsky, Matfei"]
[Black "Votava, Jan"]
[Result "1/2-1/2"]
[WhiteElo "2223"]
[BlackElo "2521"]
[Annotator "ChessBase"]
[PlyCount "83"]
[EventDate "2019.07.17"]
[EventType "swiss"]
[EventCountry "CZE"]
[SourceTitle "playchess.com"]
[Source "ChessBase"]
[SourceQuality "1"]

1. e4 e5 2. Nf3 Nc6 3. Bb5 a6 4. Ba4 Nf6 5. O-O Be7 6. d3 b5 7. Bb3 d6 8. c3 Na5 9. Bc2 c5 10. Nbd2 O-O 11. Re1 Qc7 12. Nf1 h6 13. Ng3 Nc6 14. Nh4 Re8 15. Nhf5 Bf8 16. Qf3 Qd8 17. Bb3 Ra7 18. Nh5 Nxh5 19. Qxh5 Qf6 20. Re3 Bxf5 21. exf5 Ne7 22. Rf3 d5 23. a4 c4 24. Bc2 cxd3 25. Rxd3 e4 26. Rd1 Rb7 27. axb5 axb5 28. Qh3 b4 29. cxb4 Rxb4 30. Bd2 Rb7 31. Bc3 Qxf5 32. Qxf5 Nxf5 33. Rxd5 g6 34. Re1 Rbe7 35. Kf1 Bg7 36. Bxg7 Kxg7 37. b4 Rb8 38. Bxe4 Rxb4 39. Bxf5 Rxe1+ 40. Kxe1 gxf5 41. Rxf5 Rb3 42. h4 1/2-1/2

[Event "Czech Open Rapid 2019"]
[Site "Pardubice"]
[Date "2019.07.17"]
[Round "1.10"]
[White "Zdrazil, Tomas"]
[Black "Matviishen, Viktor"]
[Result "0-1"]
[WhiteElo "2130"]
[BlackElo "2495"]
[Annotator "ChessBase"]
[PlyCount "93"]
[EventDate "2019.07.17"]
[EventType "swiss"]
[EventCountry "CZE"]
[SourceTitle "playchess.com"]
[Source "ChessBase"]
[SourceQuality "1"]

1. e4 c5 2. Nf3 d6 3. d4 cxd4 4. Nxd4 Nf6 5. Nc3 a6 6. Bg5 e6 7. f4 Be7 8. Qf3 Nbd7 9. O-O-O Qc7 10. Bd3 b5 11. Rhe1 Bb7 12. Nd5 Qc5 13. Nxe7 Kxe7 14. Nf5+ Kf8 15. Ng3 Rc8 16. f5 e5 17. Nh5 h6 18. Bh4 Nxh5 19. Qxh5 Nf6 20. Qe2 Ke7 21. g4 Rc7 22. Bf2 Qc6 23. h4 Nd7 24. Kb1 Nc5 25. g5 hxg5 26. hxg5 Kd7 27. g6 f6 28. Rh1 Rcc8 29. Rh7 Rxh7 30. gxh7 Nxe4 31. Qh5 Qd5 32. h8=Q Rxh8 33. Qxh8 Nxf2 34. Qxg7+ Kc6 35. Rc1 e4 36. Be2 Qxf5 37. c4 b4 38. Qe7 Qe5 39. Qf8 f5 40. c5 dxc5 41. Bh5 Nd3 42. Be8+ Kb6 43. Rc2 e3 44. Qh6+ Ka7 45. Bh5 Qf4 46. Qxf4 Nxf4 47. Bd1 0-1

[Event "Czech Open Rapid 2019"]
[Site "Pardubice"]
[Date "2019.07.17"]
[Round "1.11"]
[White "Pechac, Jergus"]
[Black "Dovzhenko, Viktor"]
[Result "1-0"]
[WhiteElo "2469"]
[BlackElo "2100"]
[Annotator "ChessBase"]
[PlyCount "139"]
[EventDate "2019.07.17"]
[EventType "swiss"]
[EventCountry "CZE"]
[SourceTitle "playchess.com"]
[Source "ChessBase"]
[SourceQuality "1"]

1. d4 g6 2. e4 Bg7 3. Nc3 a6 4. Be3 d6 5. Qd2 b5 6. f3 Nd7 7. O-O-O Bb7 8. g4 Rc8 9. h4 h6 10. Nge2 c5 11. Kb1 b4 12. Nd5 e6 13. Ndf4 cxd4 14. Nxd4 e5 15. Nde6 fxe6 16. Nxg6 d5 17. Nxh8 Bxh8 18. Bxh6 Qc7 19. exd5 Nxh6 20. Bd3 Bg7 21. g5 Ng8 22. Bg6+ Kf8 23. dxe6 Nc5 24. h5 Nxe6 25. h6 Bh8 26. Bf5 Nd4 27. Bxc8 Bxc8 28. Qxb4+ Ne7 29. Rxd4 exd4 30. g6 Bf6 31. g7+ Kf7 32. h7 Bxg7 33. h8=Q Bxh8 34. Rxh8 Bf5 35. Qb3+ Kg7 36. Rh1 Qc5 37. Rd1 Kf6 38. Qa4 Nc6 39. a3 a5 40. Qb3 Ne5 41. Rd2 Nc4 42. Rd1 Ne3 43. Rd2 Nc4 44. Rh2 Ne3 45. Rh6+ Kg5 46. Rh2 Kf4 47. Kc1 Kxf3 48. Qb7+ Be4 49. Qf7+ Nf5 50. Qh5+ Kf4 51. Rf2+ Ke5 52. Kb1 d3 53. Qh8+ Ke6 54. Qe8+ Qe7 55. Qc8+ Qd7 56. Qc4+ Qd5 57. Qc8+ Ke5 58. Qc3+ Ke6 59. cxd3 Qxd3+ 60. Qxd3 Bxd3+ 61. Kc1 a4 62. Rf4 Bb5 63. Kd2 Ke5 64. Rg4 Bc6 65. Kc3 Bd5 66. Rxa4 Nd6 67. Rh4 Nb5+ 68. Kb4 Nd6 69. a4 Be4 70. Kc5 1-0

[Event "Czech Open Rapid 2019"]
[Site "Pardubice"]
[Date "2019.07.17"]
[Round "1.11"]
[White "Zwardon, Vojtech"]
[Black "Roessler, Ulrike"]
[Result "0-1"]
[WhiteElo "2465"]
[BlackElo "2139"]
[Annotator "ChessBase"]
[PlyCount "50"]
[EventDate "2019.07.17"]
[EventType "swiss"]
[EventCountry "CZE"]
[SourceTitle "playchess.com"]
[Source "ChessBase"]
[SourceQuality "1"]

1. c4 e5 2. g3 f5 3. d4 e4 4. Nc3 Nf6 5. f3 Bb4 6. Bg2 Nc6 7. Bg5 h6 8. Bxf6 Qxf6 9. e3 d6 10. fxe4 fxe4 11. Bxe4 O-O 12. Qe2 Bg4 13. Qg2 Rae8 14. Kd2 Nxd4 15. h3 Nf3+ 16. Kc2 Bxc3 17. Bd5+ Kh8 18. hxg4 Bxb2 19. Nxf3 Bxa1 20. Kb1 c6 21. g5 Qc3 22. Rc1 Qxe3 23. Re1 Qd3+ 24. Kxa1 Rxe1+ 25. Nxe1 Qc3+ 0-1